000 00440nam a2200181Ia 4500
001 9552
005 20260306161726.0
008 260306t1994||||xx |||||||||||||| ||spa||
041 _aESP
082 _a382
_bT89
100 _aTugores Ques, Juan
_eAUT
245 0 _aEconomía internacional e integración económica
260 _c1994
300 _a211 páginas :
_c23 cm.
650 _aGEN
654 _aCAN
942 _cLIB
_dJUS
_fJUS
_2ddc
_n
999 _c9552
_d9552